Statistics for Pokémon Categories: Generation I

Click here to take the quiz!

General Stats

  • This quiz has been taken 59 times
  • The average score is 38 of 95

Answer Stats

PokémonCategory of Pokémon% Correct
Pidgeotto, PidgeotBird
89%
Pidgey, SpearowTiny Bird
89%
StaryuStar Shape
87%
SquirtleTiny Turtle
87%
WartortleTurtle
87%
OnixRock Snake
85%
EkansSnake
80%
PersianClassy Cat
78%
Rattata, Raticate, Pikachu, Raichu, Sandshrew, SandslashMouse
78%
MeowthScracth Cat
78%
BeedrillPoison Bee
76%
CharmanderLizard
74%
Geodude, GravelerRock
74%
ButterfreeButterfly
72%
Horsea, Seadra, Dratini, Dragonair, DragoniteDragon
72%
Zubat, GolbatBat
70%
WeedleHairy Bug
70%
KrabbyRiver Crab
70%
ArbokCobra
67%
Ponyta, RapidashFire Horse
67%
VenomothPoison Moth
65%
MagikarpFish
63%
Vulpix, NinetalesFox
63%
Psyduck, GolduckDuck
61%
Exeggcute, ChanseyEgg
61%
Charmeleon, Charizard, Flareon, MoltresFlame
61%
Farfetch'dWild Duck
61%
Mankey, PrimeapePig Monkey
57%
ArcanineLegendary
54%
Clefairy, ClefableFairy
52%
Tentacool, TentacruelJellyfish
52%
Magnemite, MagnetonMagnet
52%
TaurosWild Bull
52%
Vileplume, BellsproutFlower
50%
Metapod, KakunaCocoon
48%
Voltorb, ElectrodeBall
46%
Electabuzz, ZapdosElectric
46%
Koffing, WeezingPoison Gas
46%
Bulbasaur, Ivysaur, VenusaurSeed
46%
AerodactylFossil
43%
Blastoise, Kabuto, KabutopsShellfish
43%
Poliwag, Poliwhirl, PoliwrathTadpole
43%
Diglett, DugtrioMole
41%
TangelaVine
41%
Paras, ParasectMushroom
39%
CaterpieWorm
39%
EeveeEvolution
37%
Gastly, HaunterGas
37%
Goldeen, SeakingGoldfish
35%
HitmonleeKicking
35%
Jigglypuff, WigglytuffBalloon
33%
HitmonchanPunching
33%
JynxHuman Shape
30%
GrowlithePuppy
30%
GengarShadow
30%
CuboneLonely
28%
ScytherMantis
28%
Grimer, MukSludge
28%
DittoTransform
28%
LaprasTransport
28%
Drowzee, HypnoHypnosis
26%
LickitungLicking
26%
MewtwoGenetic
24%
Nidoran♀, Nidorina, Nidoran♂, NidorinoPoison Pin
24%
Seel, DewgongSea Lion
24%
ExeggutorCoconut
22%
KangaskhanParent
20%
Abra, Kadabra, AlakazamPsi
20%
SnorlaxSleeping
20%
Oddish, GloomWeed
20%
SlowpokeDopey
17%
PinsirStag Beetle
17%
Machop, Machoke, MachampSuperpower
17%
Mr. MimeBarrier
15%
Shellder, CloysterBivalve
15%
JolteonLightning
15%
KinglerPincer
15%
PorygonVirtual
15%
GyaradosAtrocious
13%
Nidoqueen, Nidoking, RhydonDrill
13%
VenonatInsect
13%
MewNew Species
13%
FearowBeak
11%
SlowbroHermit Crab
11%
GolemMegaton
11%
StarmieMysterious
11%
DodrioTriple Bird
11%
MarowakBone Keeper
9%
VaporeonBubble Jet
9%
Weepinbell, VictreebelFlycatcher
9%
ArticunoFreeze
9%
Omanyte, OmastarSpiral
9%
RhyhornSpikes
7%
MagmarSpitfire
7%
DoduoTwin Bird
7%

Score Distribution

Percentile by Number Answered

Percent of People with Each Score

Your Score History

You have not taken this quiz